Estatísticas para 40 cidades mais populosas de Pernambuco

Clique aqui para jogar o quiz

Estatísticas Gerais

  • Esse quiz foi jogado 356 vezes
  • A pontuação média é 21 de 40

Estatísticas das Respostas

PopulaçãoLetra InicialMunicípio% Correto
1 608 488RRecife
100%
388 821OOlinda
98%
342 328CCaruaru
96%
680 943JJaboatão dos Guararapes
96%
326 017PPetrolina
95%
136 057GGaranhuns
83%
319 769PPaulista
80%
134 871VVitória de Santo Antão
78%
198 383CCabo de Santo Agostinho
71%
78 287GGoiana
65%
83 712SSerra Talhada
65%
152 840CCamaragibe
64%
59 409SSalgueiro
62%
72 672AArcoverde
60%
81 182GGravatá
59%
89 660IIpojuca
57%
99 232SSanta Cruz do Capibaribe
55%
98 201AAbreu e Lima
54%
110 917IIgarassu
53%
109 298SSão Lourenço da Mata
51%
82 298AAraripina
50%
56 336LLimoeiro
49%
66 907EEscada
47%
62 020PPalmares
46%
75 186BBelo Jardim
45%
65 770PPesqueira
45%
80 194CCarpina
44%
67 098OOuricuri
44%
60 301BBezerros
40%
60 435MMoreno
38%
54 547PPaudalho
34%
62 530SSurubim
33%
46 433RRibeirão
28%
53 884TTimbaúba
26%
57 046SSão Bento do Una
23%
48 541BBrejo da Madre de Deus
22%
55 905BBuíque
22%
43 620SSirinhaém
21%
47 520BBom Conselho
20%
42 291AÁguas Belas
16%

Distribuição das Pontuações

Percentil de Números Respondidos

Porcentagem de Pessoas com Cada Pontuação

Sua Pontuação Histórica

Você não jogou esse quiz